"Taking on a visit to the Lord Jesus..." Eucharistic education of children in the heart brigade /

At the turn of the 19th to 20th century in Hungary too the growing veneration of the Sacred Heart was closely linked in Catholic religious practice to observation of the first Fridays and frequent Holy Communion. These practices were also of great importance in the Heart Brigade, veneration of the S...

Teljes leírás

Elmentve itt :
Bibliográfiai részletek
Szerző: Glässerné Nagyillés Anikó
Dokumentumtípus: Cikk
Megjelent: 2017
Sorozat:Religion, culture, society 4
Kulcsszavak:Katolikus egyház - ifjúsági egyesületek - eucharisztia - Szívgárda - gyermeknevelés
Tárgyszavak:
Online Access:http://acta.bibl.u-szeged.hu/67010
LEADER 01605nab a2200217 i 4500
001 acta67010
005 20230509140029.0
008 200512s2017 hu o 0|| eng d
022 |a 1416-7972 
040 |a SZTE Egyetemi Kiadványok Repozitórium  |b hun 
041 |a eng 
100 2 |a Glässerné Nagyillés Anikó 
245 1 0 |a "Taking on a visit to the Lord Jesus..."   |h [elektronikus dokumentum] :  |b Eucharistic education of children in the heart brigade /  |c  Glässerné Nagyillés Anikó 
260 |c 2017 
300 |a 201-209 
490 0 |a Religion, culture, society  |v 4 
520 3 |a At the turn of the 19th to 20th century in Hungary too the growing veneration of the Sacred Heart was closely linked in Catholic religious practice to observation of the first Fridays and frequent Holy Communion. These practices were also of great importance in the Heart Brigade, veneration of the Sacred Heart organised for children in the form of a confraternity. It was considered important for children to learn at an early age the most important element of religious life because it was thought that what they learned in childhood would be carried into adult life and subsequently passed on to their own children. The intention in giv-ing children a religious education was to better society over the long term. 
650 4 |a Bölcsészettudományok 
650 4 |a Filozófia, etika és vallástudományok 
695 |a Katolikus egyház - ifjúsági egyesületek - eucharisztia - Szívgárda - gyermeknevelés 
856 4 0 |u http://acta.bibl.u-szeged.hu/67010/1/religion_culture_society_004_201-209.pdf  |z Dokumentum-elérés